| 000 | 00632nam a2200121Ia 4500 | ||
|---|---|---|---|
| 008 | 220615s9999||||xx |||||||||||||| ||und|| | ||
| 100 | _aFauveau, Gabriel | ||
| 245 | 0 |
_aLes villes non occidentales _bComprendre les enjeux de la diversité urbaine |
|
| 546 | _aEnglish[eng] | ||
| 650 | _aSociology||Architecture||urbanisme||aménagement||Planification||Ville||Villes||Espace||public||Urbanisme | ||
| 856 | _uhttps://library.oapen.org/bitstream/20.500.12657/24912/1/1005192.pdf||https://library.oapen.org/bitstream/20.500.12657/24912/1/1005192.pdf||https://library.oapen.org/bitstream/20.500.12657/24912/1/1005192.pdf | ||
| 942 | _cEB | ||
| 999 |
_c11126 _d11126 |
||